| 000 | 00428nam a22001697a 4500 | ||
|---|---|---|---|
| 003 | NUST - PNEC | ||
| 005 | 20170116180922.0 | ||
| 008 | 150904b xxu||||| |||| 00| 0 eng d | ||
| 020 | _a0582226961 | ||
| 040 | _cLIBRARY | ||
| 082 | _a621.3 HUG | ||
| 100 |
_97823 _aHughes, Edward |
||
| 245 |
_aHughes electrical technology _cEdward Hughes |
||
| 260 | _cc.1977 | ||
| 650 |
_97824 _aElectrical Technology _xEE |
||
| 942 |
_2ddc _cBK |
||
| 999 |
_c65645 _d65645 |
||